书目信息 |
| 题名: |
奋发自强 开拓前进
|
|
| 作者: | ;中华全国妇女联合会 编 | |
| 分册: | ||
| 出版信息: | 北京 人民出版社 1984 |
|
| 页数: | 204页 | |
| 开本: | 21cm | |
| 丛书名: | ||
| 单 册: | ||
| 中图分类: | D442.2 | |
| 科图分类: | ||
| 主题词: | 妇女运动 , 妇女组织 | |
| 电子资源: | ||
| ISBN: | ||
| 000 | 00780nam0 2200217 450 | |
| 001 | 0641122500 | |
| 005 | 20060814112658.29 | |
| 010 | @dCNY0.77 | |
| 100 | @a20060814d1984 km y0chiy0120 ea | |
| 101 | 0 | @achi |
| 102 | @aCN@b110000 | |
| 200 | 1 | @a奋发自强 开拓前进@e中国妇女第五次全国代表大会文件汇编@Afen fa zi qiang kai tuo qian jin@f中华全国妇女联合会编@Fzhong hua quan guo fu nu lian he hui bian |
| 210 | @a北京@c人民出版社@d1984 | |
| 215 | @a204页@d21cm | |
| 517 | 1 | @a中国妇女第五次全国代表大会文件汇编@Azhong guo fu nu di wu ci quan guo dai biao da hui wen jian hui bian |
| 606 | 0 | @a妇女运动 |
| 606 | 0 | @a妇女组织 |
| 690 | @aD442.2@v3 | |
| 711 | 0 | @a中华全国妇女联合会@Azhong hua quan guo fu nu lian he hui@4编 |
| 801 | 0 | @aCN@bPFT@c20060814 |
| 905 | @a10447@dD442.2@e40 | |
| 奋发自强 开拓前进:中国妇女第五次全国代表大会文件汇编/中华全国妇女联合会编.-北京:人民出版社,1984 |
| 204页;21cm |
| ISBN :CNY0.77 |
| ● |
| 相关链接 |
|
|
|
|
正题名:奋发自强 开拓前进
索取号:D442.2/40
 
预约/预借
| 序号 | 登录号 | 条形码 | 馆藏地/架位号 | 状态 | 备注 |
| 1 | 0459744 | 204597445 | 密集书库/ [索取号:D442.2/40] | 在馆 | |
| 2 | 0459745 | 204597454 | 密集书库/ [索取号:D442.2/40] | 在馆 |